Responses for show #3714 - Thursday, October 26, 2000

Contestants

David Franklin, a filmmaker and professor from Brooklyn, New York

Sharon O'Quinn, a retail manager from Ogunquit, Maine

Ken Boulton, a high school teacher from Imperial Beach, California (whose 1-day cash winnings total $11,400)

Jeopardy! Round responses

FRENCH WHINES
(Alex: Awww!)
1820s AMERICA
HIT ALBUMS
PICTUIRE THE PONTIFFS
CAPITAL CITY UNIVERSITIES
(Alex: You have to identify the city.)
2-LETTER WORDS
    $100 30
(Alex: I'm exhausted reading that stuff! Our apologies to the French!)

Notre Dame

David
    $100 12
John James Audubon

Ken
    $100 14
"Purple Rain"

David
    $100 11
Pope John Paul II

Ken
    $100 6
Washington, D.C.

Ken
    $100 1
(Ken: What is it?)

is

KenDavid
    $200 29
Vacuum cleaner

Triple Stumper
    $200 13
"Home, Sweet Home"

Sharon
    $200 15
Andy Warhol

Ken
    $200 23
(K: Who is Pope John Paul I?)

Pope John XXIII

Ken
Triple Stumper
    $200 7
(D: What is Ottawa?)

London

KenDavid
    $200 2
Pa

Ken
    $500 22
(K: Who is Francis Ford Coppola?)

Jerry Lewis

Ken
    $300 16
Scrimshaw

Sharon
    $300 17
Go-Go's

Ken
    $300 24
Pope John Paul I

David
    $300 8
New Delhi

Ken
    $300 3
Ad

Triple Stumper
    $400 27
Butter

David
    $400 20
Mexico

Ken
    $400 18
Nine Inch Nails

Sharon
    $400 25
(minute to go...)

Pope Pius XII

Triple Stumper
    $400 9
Tokyo

Ken
    $400 4
(S: What is oy?)

Nu

Sharon
Triple Stumper
    $500 28
Charles de Gaulle

David
    $500 21
Mike Fink

Triple Stumper
    $500 19
The Pretenders

David
    $500 26
Pope Paul VI

Triple Stumper
    $500 10
(K: What is Seoul, South Korea?)

Pyongyang, North Korea

KenDavid
    $500 5
Op Art

Ken

Scores at the first commercial break (after clue 15):

Ken Sharon David
$1,500 -$200 $500

Scores at the end of the Jeopardy! Round:

Ken Sharon David
$1,500 $500 $2,300

Double Jeopardy! Round responses

TECHNOLOGY
AT THE "Y"
PLAYING PRESIDENT
(Alex: You have to name the president portrayed by these famous personalities.)
JOHN BOY
WALTON
MOUNTAIN
    $200 6
Chainsaw

Ken
    $200 1
Yellow-bellied

Sharon
    $200 27
Abraham Lincoln ("Young Mr. Lincoln")

Ken
    $200 14
Brooklyn Bridge

David
    $200 30
"The Compleat Angler"

Triple Stumper
    $200 19
Mount Everest

Ken
    $400 10
(D: What is silicon?)

Copper

David
Triple Stumper
    $400 2
Yoke

Sharon
    $400 26
George Washington (in "The Crossing')

David
    $400 15
(K: Who is John Rolfe?)

John Smith

KenDavid
    $400 29
(K: What is the 16th century?)

17th century

KenDavid
    $400 20
(D: What is the Matterhorn?)

Mont Blanc

KenDavid
    $2,000 11
Nylons

David
    $600 3
Yoga

David
    $600 7
Thomas Jefferson

Ken
    $600 16
John L. Lewis

Triple Stumper
    $600 28
John Donne

Ken
    $600 21
mountain gorillas

Sharon
    $800 12
(K: What is a parachute?)

Ejection seats

Ken
Triple Stumper
    $800 4
"You and Me Against the World"

Triple Stumper
    $800 8
John F. Kennedy

Sharon
    $1,500 17
John Harvard

David
    $800 25
Ironmongers

Triple Stumper
    $800 22
Golan Heights

Sharon
    $1000 13
Global Positioning System

Sharon
    $1000 5
The Year of Our Lord

David
    $1000 9
(K: Who is Richard Nixon?)

John Quincy Adams

KenDavid
    $1000 18
John C. Fremont

Ken
    $1000 24
George Herbert

Triple Stumper
    $1000 23
(minute left)

Khyber Pass

Ken

Scores at the end of the Double Jeopardy! Round:

Ken Sharon David
$3,100 $4,300 $9,000
(lock game)

[wagering suggestions for these scores]

Final Jeopardy! Round responses

'90s NONFICTION
KenWhat is Tuesdays With Morrie?
$3,100
SharonWhat is Tuesdays With Morrie?
$1,901
DavidWhat is Tuesdays With Morrie?
$399
"Tuesdays With Morrie"

Final scores:

Ken Sharon David
$6,200 $6,201 $9,399
3rd place: Kaypro 2100 Personal Desktop Computer Package 2nd place: Trip to Almond Resorts, Barbados New champion: $9,399

Game dynamics:

Coryat scores:

Ken Sharon David
$3,600 $4,300 $6,900
19 R,
8 W
(including 1 DD)
9 R,
1 W
17 R
(including 2 DDs),
3 W

Combined Coryat: $14,800

The J! Archive is created by fans, for fans. The Jeopardy! game show and all elements thereof, including but not limited to copyright and trademark thereto, are the property of Jeopardy Productions, Inc. and are protected under law. This website is not affiliated with, sponsored by, or operated by Jeopardy Productions, Inc. Join the discussion at JBoard.tv.